| 000 | 004610000a22001690004500 | ||
|---|---|---|---|
| 003 | MACL | ||
| 005 | 20160102170738.0 | ||
| 008 | 160102b xxu||||| |||| 00| 0 eng d | ||
| 040 |
_aMACL _cMACL |
||
| 041 | _aEnglish | ||
| 082 | _a551.4/SCH | ||
| 100 |
_aSchouw, Joachim Frederic _927405 |
||
| 245 |
_aThe Earth Plants and Man _bPopular Picture of Nature |
||
| 260 |
_bHenry G Bohn _c1859 _aLondon |
||
| 650 |
_aEarth Science _95772 |
||
| 942 |
_cBK _k551.4/SCH _2ddc |
||
| 999 |
_c37292 _d37292 |
||